000 02687nab a22005897a 4500
003 AR-RoUNA
022 _a03282384
040 _aAR-RoUNA
_bspa
041 _aspa
_hspa
044 _aag
110 _98413
_aSecretaria de Ciencia y Técnica.
_bBoletín de la Secretaria
245 _aCiencia y Tecnica
_hNº 3
_bBoletín de la Secretaría
260 _aBuenos Aires :
_bUP,
_c1994
300 _a58. p. :
_bplantas
_bfot. byn.
_c26x 20 cm
505 0 _tPANORAMA. p. 3
505 0 _tTALLER ABIERTO EN SECYT CON EL DR. RAUL ALFONSIN. p. 4
505 0 _tPROGRAMAS NACIONALES. p. 8
505 0 _aPrograma Nacional de Investigación y Desarrollo en Petroquímica. p. 8
505 0 _aNoticias del Programa Nacional de Biotecnología. p. 13
505 0 _tCONICET.
505 0 _aConferencia de prensas. p. 14
505 0 _aNuevas becas internas de actualización. p. 16
505 0 _aPRQIMI-Panta piloto de procesos Industriales microbiológicos. p. 17
505 0 _aAmìlcar Herrera: Prospectiva tecnología para América Latina. p. 18
505 0 _tCOORDINACIÒN Y PLANIFICACIÒN
505 0 _aCoordinación interregional. p. 22
505 0 _aPrimera Reunión de Secretarios de Ciencias y Técnica. p. 25
505 0 _a3ra. Reunión del Consejo Institucional de Ciencias y Técnicas. p. 26
505 0 _tINFORMATICA
505 0 _aComisión Nacional de informática: Conclusiones del informe preliminar. p.28
505 0 _aNewton Braga Rosa: Incorporación de Tecnologías en el área informática : la experiencia brasileña. p 30
505 0 _a2da. Conferencia Mundial sobre flujo de datos transfrontera. p. 33
505 0 _aAutoridades de la Comisión Nacional de Informática con el Dr. Alfonsín. p. 39
505 0 _tACTIVIDADES DE COOPERACION INTERNACIONAL. p. 41
505 0 _tCURSOS, BECAS Y REUNIONES CIENTIFICAS.
505 0 _aUn premio al Dr. De Robertis. p 50
505 0 _aPremios a Matemáticos argentinos. p. 51
505 0 _tNUEVAS PUBLICACIONES DE LA SECRETARIA DE CIENCIA Y TECNICA.
505 0 _aPeriodismo y cáncer. p. 53
505 0 _aPublicaciones recibidas. p. 54
505 0 _tDOCUMENTOS.
505 0 _aIgnacio Pirasky: fragmento de la historia del Malbran.p.58
505 0 _tTALLER ABIERTO EM SECYT CON EL DR. RAUL ALFONSIN. p. 4
650 _aArquitectura
_911395
650 _aCiencia
_911396
773 0 _aBoletín de la Secretaría: Ciencia y Técnica
_dBuenos Aires, Aller Atucha y Asociados. 1988
_gnro.3 (ago-1984), 58.p
_x03265773
856 _uwww.secyt.unlu.edu.ar
908 _aImp
942 _2udc
_cART
945 _aMBP
_d2018-06-12
980 _81
_gMaricel Allasia
_61
_aMaricel Allasia
999 _c12467
_d12467